000 00720nam a22002417a 4500
001 136897
003 UA-OsUOA
005 20201201224622.0
007 ta
008 20190410b un ||||| |||| 00| 0 ukr d
040 _aUA-OsUOA
_brus
_cUA-OsUOA
_dUA-OsUOA
041 _arus
080 _a882
090 _a882
_bГ52
100 _aГладков Ф.
245 _aЦемент
260 _aМ.
_bХудожественная литература
_c1952
300 _a250 с.
650 7 _a8 Мовознавство. Художня література. Літературознавство
_2UDC
942 _cBK
_2udc
955 _a3
999 _c421526
_d421526